000 00280nam a2200121Ia 4500
008 140130s9999 xx 000 0 und d
245 _cJohn Peterson
_aLittles, The
260 _bScholastic,
_c1967
440 _v1
521 _aGrade 1 - Grade 2
942 _cBK
999 _c40409
_d40409